00616nam a2200205 a 4500001001300000003000900013005001700022008004100039020002300080082001600103100001600119245005800135260004200193300000900235500003500244505002500279505006100304650002900365700001600394nice12345678IN_TiNIC20260116012654.0050524s1977 cana grp 000 0 eng  a0888737 c10000a220.07bHAR aHarlow, R E aCome and Dineb Old Testament Readings for Every Day. aCanadabEvery Day Publications c1977 a253p aincludes index and biblioraphy2 aBibliograpphy, Index2 aBibliograpphy, Index00gV1.tCome and Dine: Old Testamen aBible-Study and Teaching1 aHarlow, R E